SIMPLE OBJECTS - SEE AND SAY (Record no. 7748)
[ view plain ]
| 000 -LEADER | |
|---|---|
| fixed length control field | 00198nam a22000977a 4500 |
| 082 ## - DEWEY DECIMAL CLASSIFICATION NUMBER | |
| Classification number | 823 |
| Item number | UNK/S |
| 100 ## - MAIN ENTRY--AUTHOR NAME | |
| Personal name | UNKNOWN |
| 245 ## - TITLE STATEMENT | |
| Title | SIMPLE OBJECTS - SEE AND SAY |
| 650 ## - SUBJECT ADDED ENTRY--TOPICAL TERM | |
| Topical Term | ENGLISH STORY |
| 942 ## - ADDED ENTRY ELEMENTS (KOHA) | |
| Koha item type | Books |
| Withdrawn status | Lost status | Collection code | Home library | Current library | Date acquired | Full call number | Accession Number | Koha item type |
|---|---|---|---|---|---|---|---|---|
| Withdrawn | Damaged Item | Fiction | Main Library | Main Library | 02/04/2026 | 823 UNK/S | 02116 | Books |